| 000 | 00688nam a2200169 a 4500 | ||
|---|---|---|---|
| 008 | 080109nuuuuuuuu||||||||||||||||| || u | ||
| 050 | _aTK 3271 Ele | ||
| 100 | _aGrant, Brian | ||
| 245 | 1 | 0 |
_aElectrical installations: a handbook for architects and assistants _cedited by Brian Grant |
| 260 |
_aLondon: _bArchitectural Press _c[n.d.] |
||
| 300 | _a99p. : ill. | ||
| 350 | _a0.00 | ||
| 650 | _aELECTRIC APPARATUS AND APPLIANCES--INSTALLATION--HANDBOOKS, MANUALS, ETC | ||
| 650 | _aELECTRICAL INSTALLATION | ||
| 650 | _aELECTRICITY | ||
| 995 |
_D0.00 _FCBU-MAIN LIBRARY (Kitwe) _H1 _I0.00 _M020185 _UDAMAGED _ZMain Library Open Access Collection |
||
| 999 |
_c41479 _d41479 |
||